Market-Oriented Reform of Foreign Trade in Planned Economies.

This paper reviews the main features of market-oriented foreign trade reforms in planned economies. It considers reform initiatives aimed at expanding enterprise autonomy and breaking up the state monopoly of foreign trade, modifying the exchange rate system, and reforming the domestic price structu...

תיאור מלא

מידע ביבליוגרפי
מחבר תאגידי: International Monetary Fund
פורמט: כתב-עת
שפה:English
יצא לאור: Washington, D.C. : International Monetary Fund, 1990.
סדרה:IMF Working Papers; Working Paper ; No. 1990/028
גישה מקוונת:Full text available on IMF
LEADER 01667cas a2200241 a 4500
001 AALejournalIMF007774
008 230101c9999 xx r poo 0 0eng d
020 |c 5.00 USD 
020 |z 9781451981131 
022 |a 1018-5941 
040 |a BD-DhAAL  |c BD-DhAAL 
110 2 |a International Monetary Fund. 
245 1 0 |a Market-Oriented Reform of Foreign Trade in Planned Economies. 
264 1 |a Washington, D.C. :  |b International Monetary Fund,  |c 1990. 
300 |a 1 online resource (22 pages) 
490 1 |a IMF Working Papers 
500 |a <strong>Off-Campus Access:</strong> No User ID or Password Required 
500 |a <strong>On-Campus Access:</strong> No User ID or Password Required 
506 |a Electronic access restricted to authorized BRAC University faculty, staff and students 
520 3 |a This paper reviews the main features of market-oriented foreign trade reforms in planned economies. It considers reform initiatives aimed at expanding enterprise autonomy and breaking up the state monopoly of foreign trade, modifying the exchange rate system, and reforming the domestic price structure and ultimately the price system. The study emphasizes that the success of foreign trade reform, and therefore of a trade policy aimed at fundamental integration of planned economies into the world economic system, ultimately depends as well on the successful implementation of compatible reforms in the domestic economy as a whole. 
538 |a Mode of access: Internet 
830 0 |a IMF Working Papers; Working Paper ;  |v No. 1990/028 
856 4 0 |z Full text available on IMF  |u http://elibrary.imf.org/view/journals/001/1990/028/001.1990.issue-028-en.xml  |z IMF e-Library